Sports Quiz

Random Sports or Football Quiz

2019 Jacksonville Jaguars Opening Day Roster Quiz Stats

 Plays Quiz not verified by Sporcle

Score 0/53 Timer 07:00
0 Plays Today
Position Player % Correct
RBLeonard Fournette
100%
QBGardner Minshew
98.4%
QBNick Foles
98.4%
CBJalen Ramsey
95.2%
LBMyles Jack
90.3%
DECalais Campbell
88.7%
WRDJ Chark
87.1%
CBA.J. Bouye
87.1%
WRDede Westbrook
87.1%
WRKeelan Cole
79%
WRMarqise Lee
79%
OTCam Robinson
72.6%
DEYannick Ngakoue
72.6%
CBJosh Robinson
72.6%
KJosh Lambo
69.4%
DLAbry Jones
66.1%
OLBrandon Linder
62.9%
OLAndrew Norwell
62.9%
LBJosh Allen
62.9%
LBQuincy Williams
62.9%
OTJawaan Taylor
59.7%
TEJames O'Shaughnessy
59.7%
SRonnie Harrison
58.1%
DLTaven Bryan
56.5%
OLA.J. Cann
56.5%
DLMarcell Dareus
56.5%
WRChris Conley
54.8%
Position Player % Correct
CBD.J. Hayden
51.6%
TEGeoff Swaim
50%
RBRyquell Armstead
46.8%
SCody Davis
45.2%
SJarrod Wilson
43.5%
TEJosh Oliver
38.7%
DEDawuane Smoot
33.9%
LBLeon Jacobs
32.3%
PLogan Cooke
30.6%
DELerentee McCray
29%
TESeth DeValve
29%
WRC.J. Board
27.4%
CBBreon Borders
27.4%
CBTre Herndon
27.4%
OLTyler Shatley
25.8%
RBTyler Ervin
24.2%
RBDevine Ozigbo
24.2%
OLBrandon Thomas
24.2%
LBNajee Goode
24.2%
SAndrew Wingard
24.2%
OTCedric Ogbuehi
21%
LSMatthew Orzech
21%
DLDontavius Russell
21%
LBD.J. Alexander
19.4%
OTWill Richardson
17.7%
LBAustin Calitro
17.7%

You're not logged in!

Compare scores with friends on all Sporcle quizzes.
OR
Log In

Sporcle TV

Today on Sporcle TV


Watch our educational content, quiz creation guides, and fun videos on Sporcle TV.

Show Comments

Extras

Top Quizzes Today


Score Distribution

Your Account Isn't Verified!

In order to create a playlist on Sporcle, you need to verify the email address you used during registration. Go to your Sporcle Settings to finish the process.

Report this User

Report this user for behavior that violates our Community Guidelines.

Details: